000 00522nam a2200181Ia 4500
008 230917s9999||||xx |||||||||||||| ||und||
020 _cGBP39.99
040 _e249496
_aMAIN
041 _aEnglish
082 _a338.4791 R311R(2)
100 _aSirakaya-Turk, Ercan, ed.
245 0 _aResearch methods for leisure, recreation and tourism
250 _a2nd ed.
260 _aOxfordshire
_bCAB International
_c2017
300 _axxii, 385 p.
500 _a3231 07/08/2018 RBP18/72106 04/09/2018 IHTM (SFS)
942 _cBK
999 _c27840
_d27840